Southville International School and Colleges
Your cart is empty.
  • Cart
  • Lists
    Public lists Eva Luna New books Lux_list list_1
    Your lists Log in to create your own lists
  • Log in to your account
  • Your cookies
  • Search history
Southville International School and Colleges
  • Advanced search
  • Recent comments
  • Most popular
  • Libraries

Log in to your account

Log in with GOOGLE


If you do not have an external account, but do have a local account, you can still log in:

  1. Home
  2. MARC view: Talambuhay ng mga pangulo :
Normal view MARC view ISBD view

Talambuhay ng mga pangulo : (Record no. 294082)

[ view plain ]
MARC details
000 -LEADER
fixed length control field 00660nam a2200229Ia 4500
008 - FIXED-LENGTH DATA ELEMENTS--GENERAL INFORMATION
fixed length control field 160517s9999 xx 000 0 und d
020 ## - INTERNATIONAL STANDARD BOOK NUMBER
International Standard Book Number 971-668-012-0
050 ## - LIBRARY OF CONGRESS CALL NUMBER
Classification number FIL DS 653.7
050 ## - LIBRARY OF CONGRESS CALL NUMBER
Item number .V45 1996
100 ## - MAIN ENTRY--PERSONAL NAME
Personal name Velasco, Rheno A.
245 ## - TITLE STATEMENT
Title Talambuhay ng mga pangulo :
245 ## - TITLE STATEMENT
Remainder of title republika ng Pilipinas (para sa mga mag-aaral) /
245 ## - TITLE STATEMENT
Statement of responsibility, etc tinipon at sinaliksik ni Rheno A. Velasco.
260 ## - PUBLICATION, DISTRIBUTION, ETC. (IMPRINT)
Place of publication, distribution, etc Manila :
260 ## - PUBLICATION, DISTRIBUTION, ETC. (IMPRINT)
Name of publisher, distributor, etc Loacan Pub. House,
260 ## - PUBLICATION, DISTRIBUTION, ETC. (IMPRINT)
Date of publication, distribution, etc 1996
300 ## - PHYSICAL DESCRIPTION
Extent 107 pages :
300 ## - PHYSICAL DESCRIPTION
Other physical details illustrations ;
300 ## - PHYSICAL DESCRIPTION
Dimensions 20 cm.
650 ## - SUBJECT ADDED ENTRY--TOPICAL TERM
Topical term or geographic name as entry element Presidents -- Philippines.
650 ## - SUBJECT ADDED ENTRY--TOPICAL TERM
General subdivision Presidents -- Philippines -- Biography.
Holdings
Withdrawn status Lost status Damaged status Home library Current library Shelving location Date acquired Cost, normal purchase price Total Checkouts Full call number Barcode Date last seen Price effective from Koha item type
      South Mansfield College South Mansfield College Filipiniana Section   60.00   FIL DS 653.7 .V45 1996 SMC00182 05/17/2016 05/17/2016  

Talambuhay ng mga pangulo :

APA

Velasco R. A., .Talambuhay ng mga pangulo. Manila: .

Chicago

Velasco Rheno A, .Talambuhay ng mga pangulo. Manila: .

Harvard

Velasco R. A., .Talambuhay ng mga pangulo. Manila: .

MLA

Velasco Rheno A, .Manila: . .

  • Place hold
  • Print
  • Cite
  • Add to your cart (remove)
  • Save record
    BIBTEX Dublin Core MARCXML MARC (non-Unicode/MARC-8) MARC (Unicode/UTF-8) MARC (Unicode/UTF-8, Standard) MODS (XML) RIS
  • More searches
    Search for this title in:
    Other Libraries (WorldCat) Other Databases (Google Scholar) Online Stores (Bookfinder.com) Open Library (openlibrary.org)

Exporting to Dublin Core...

SOUTHVILLE LIBRARY

Southville International School and Colleges Library

1281 Tropical Ave. Cor. Luxembourg St., BF Homes International, Las Pinas City

Tel. No. 8256374 / 252358 Loc. 117/146

Powered by Koha